00395nam a2200169Ia 4500008004000000020001500040041000800055082001500063100001700078245003100095260004500126300001100171650001400182650001100196650001000207650000800217210210b2006 xxu||||| |||| 00| 0 eng d a8173196303 aeng a539.7 NAIA aNAIR (K P R) aAtoms molecules and lasers aNew DelhibNarosa Publishing Housec2006 aix,416 amolecules alasers aAtoms aand